Municipalities of Molise (with a map) - Statistics

General Stats
  • This quiz has been taken 426 times
  • The average score is 82 of 136
Answers on the Map
Answers color-coded by a green-red scale on the quiz's map according to % correct below.
 
Answer Stats
Comune % Correct
Campobasso
98%
Isernia
97%
Termoli
96%
Venafro
87%
Bojano
86%
Campomarino
83%
Larino
82%
Montenero di Bisaccia
82%
Trivento
82%
Capracotta
81%
Guglionesi
81%
Petacciato
81%
Baranello
78%
Roccavivara
78%
Mafalda
77%
Montefalcone nel Sannio
77%
Riccia
77%
Torella del Sannio
77%
Ururi
77%
Acquaviva Collecroce
76%
Agnone
76%
Duronia
75%
Molise
75%
Sesto Campano
75%
Tavenna
74%
Vinchiaturo
74%
Bonefro
73%
Castelmauro
73%
Salcito
73%
Vastogirardi
73%
Campodipietra
72%
Ferrazzano
72%
Gambatesa
72%
Lucito
72%
Montemitro
72%
Pesche
72%
Portocannone
72%
Rotello
72%
Campolieto
71%
Casacalenda
71%
Civitacampomarano
71%
Montagano
71%
Pietracupa
71%
San Giuliano di Puglia
71%
Fossalto
70%
Guardialfiera
70%
Limosano
70%
Oratino
70%
San Giacomo degli Schiavoni
70%
Bagnoli del Trigno
69%
Campochiaro
69%
Matrice
69%
Santa Croce di Magliano
69%
Colli a Volturno
68%
Gildone
68%
Macchia d'Isernia
68%
Macchiagodena
68%
Ripabottoni
68%
Busso
67%
Guardiaregia
67%
Macchia Valfortore
67%
Palata
67%
Sant'Elia a Pianisi
67%
Casalciprano
66%
Cercemaggiore
66%
Frosolone
66%
Provvidenti
66%
Sant'Angelo Limosano
66%
Sepino
66%
Tufara
66%
Acquaviva d'Isernia
65%
Carovilli
65%
Cercepiccola
65%
Forlì del Sannio
65%
Montecilfone
63%
San Martino in Pensilis
63%
Castelbottaccio
62%
Colletorto
62%
Pettoranello del Molise
61%
Toro
61%
Monacilioni
60%
Castelpetroso
59%
Castel San Vincenzo
59%
Sessano del Molise
59%
San Biase
58%
Belmonte del Sannio
57%
Colle d'Anchise
57%
Rocchetta a Volturno
57%
Miranda
56%
Carpinone
55%
Cerro al Volturno
55%
Pescopennataro
55%
San Giuliano del Sannio
55%
San Polo Matese
55%
Chiauci
53%
Montaquila
53%
Castellino del Biferno
52%
Sant'Angelo del Pesco
52%
Pietracatella
51%
Longano
50%
San Felice del Molise
50%
San Giovanni in Galdo
50%
Fornelli
49%
Petrella Tifernina
49%
Scapoli
49%
Morrone del Sannio
48%
Montenero Val Cocchiara
45%
Pietrabbondante
45%
Roccamandolfi
45%
Castropignano
44%
Filignano
44%
Pescolanciano
44%
Sant'Agapito
43%
Lupara
41%
Jelsi
39%
Mirabello Sannitico
39%
San Massimo
37%
Poggio Sannita
36%
Santa Maria del Molise
35%
Conca Casale
34%
Cantalupo nel Sannio
33%
Rionero Sannitico
33%
Pozzilli
32%
Sant'Elena Sannita
32%
Civitanova del Sannio
30%
Ripalimosani
28%
Castelpizzuto
26%
Roccasicura
26%
Castelverrino
23%
Montorio nei Frentani
23%
Pizzone
23%
Spinete
23%
Montelongo
22%
Castel del Giudice
20%
Monteroduni
19%
San Pietro Avellana
11%
No matching quizzes found
Score Distribution
Percent of People with Each Score
Percentile by Number Answered
Your Score History
You have not taken this quiz